LEADER 01384nam a2200313 i 4500 001 000000143238 003 CaOOAMICUS 005 20050927000000.0 008 050927s2005 it u000 u ita u 013 $a118596 020 $a88-10-50545-X 040 $aSeMil$bita 100 1 $aFumagalli, Aristide,$d<1962- >.$0(OLS)http://semarc/name/1518 245 10$aAttirerò tutti a me :$bermeneutica biblica ed etica cristiana /$cAristide Fumagalli, Franco Manzi. 260 $aBologna :$bEDB,$c2005. 300 $a482 p. ;$c21 cm. 490 0 $aTrattati di etica teologica 500 $aCon dedica autografa degli A. al Card. Dionigi Tettamanzi. - Dono del Card. Dionigi Tettamanzi. 650 4$aErmeneutica biblica.$0(OLS)http://semarc/subject/1620 650 4$aEtica cristiana.$0(OLS)http://semarc/subject/620 700 1 $aManzi, Franco,$d<1966- >.$0(OLS)http://semarc/name/6300 830 0$aTrattati di etica teologica.$0(OLS)http://semarc/title/8574 850 $aSeMil 852 $aSeMil$W1$xVenegono$y1$m2E VI 16$j96365$B96365$CSeMilBibl$Z2$F104478 $81 941 1 $a5 961 $aOmaggio: Tettamanzi Card. Dionigi 996 $6020$a88-10-50545-X$9(OLS)http://semarc/number/131672 996 $6245$aAttirerò tutti a me :$bermeneutica biblica ed etica cristiana$9(OLS)http://semarc/title/209653 996 $6260$aBologna :$bEDB$9(OLS)http://semarc/publisher/29669 LEADER 00883nam a2200217 i 4500 001 000000186983 003 CaOOAMICUS 005 20100308000000.0 008 100308s1961 gw u000 u ger u 013 $a165040 040 $aSeMil$bita 245 10$a[Religionen der alten Völker und Kulturen] /$cherausgegeben von Franz König. 250 $a2. Aufl. 260 $aWien [etc.] :$bHerder,$c1961. 300 $a784 p. ;$c23 cm. 700 1 $aKönig, Franz,$c.$0(OLS)http://semarc/name/3947 773 0 $tChristus und die Religionen der Erde.$dWien [etc.] : Herder, 1961.$gBd.2$w()23072 850 $aSeMil 852 $aSeMil$W1$xVenegono$y1$m2X II 292$j137670$B137670$CSeMilBibl$Z2$F149193 $81 996 $6245$a[Religionen der alten Völker und Kulturen]$9(OLS)http://semarc/title/268928 996 $6260$aWien [etc.] :$bHerder$9(OLS)http://semarc/publisher/35824